000 00845nam a22002177a 4500
005 20240530110919.0
008 220221s2003 ua a g b 000 0 ara d
040 _aEG-CaGPL
_cEG-CaGPL
082 0 4 _221
_a332.642\
_bو ن
100 0 _aواثق حمد ابوعمر
245 1 2 _aالنظرية المعاصرة لمحفظة الاوراق المالية والتداول فى البورصات العالمية :
_bعولمة ام فوضى منظمة /
_cواثق حمد ابوعمر
250 _aط.1
260 _aالقاهرة :
_bدار الرضا للمعلومات،
_c2003
300 _a231 ص؛
_c24 سم
650 0 7 _aالاسواق المالية
_2qrmak
650 0 7 _aالاستثمار
650 0 7 _aالاوراق المالية
651 _2qrmak
942 _2ddc
_cBK
999 _c66448
_d66448